|
|
|
|
| LEADER |
00000nab#a22000007a#4500 |
| 001 |
arbauad000631 |
| 003 |
AR-BaUAD |
| 005 |
20250711110406.0 |
| 008 |
930607|||||||||###||||||b###|0###a|spa|| |
| 040 |
|
|
|a AR-BaUAD
|c AR-BaUAD
|b spa
|
| 100 |
|
|
|a Lamberterie, Olivia de
|
| 245 |
|
|
|a Emmanuelle Laborit :
|b "Je ne peux pas me taire" /
|c Olivia de Lamberterie;
|
| 300 |
0 |
|
|b fot.
|
| 653 |
|
|
|a TEATRO
|
| 653 |
|
|
|a PERSONAS CON DISCAPACIDAD
|
| 653 |
|
|
|a FRANCIA
|
| 773 |
0 |
|
|t Elle
|g no. 2468 [abr. 1993], p. 10-11
|
| 942 |
|
|
|c ARTI
|
| 952 |
|
|
|0 0
|1 0
|4 0
|7 0
|9 45552
|a AR-BAuAD
|b AR-BAuAD
|d 2025-07-11
|l 0
|p AAQA000631
|r 2025-07-11 11:04:06
|w 2025-07-11
|y ARTI
|
| 990 |
|
|
|a C199
|b TD
|
| 998 |
|
|
|a AAQ
|b BIBUN76
|
| 999 |
|
|
|c 25225
|d 25225
|